Magie sexu

Podrobná bibliografia
Hlavní autori: Jaroš, Mojmír (Autor), Jarmarová, Květa (Autor)
Médium: Kniha
Jazyk:čeština
Fyzický popis:21 cm
Vydavateľské údaje: Praha Eddie Major 1992
ISBN:8090125514

MARC

LEADER 00000nam a2200000 a 4500
001 vtls001138046
003 SK-MaSNL
005 20260301233522.0
008 250414s1992 CS 0 cze
020 |a 8090125514 
035 |a SNK000080899 
040 |a SNK  |b slo  |c SNK  |e AACR2 
041 0 |a cze 
044 |a [CS] 
080 |a 392.61:294.527  |2 1981 
080 |a 294.527  |2 1981 
100 1 |a Jaroš, Mojmír  |4 aut  |9 281048 
245 1 0 |a Magie sexu  |c Mojmír Jaroš, Květa Jarmarová 
260 |a Praha  |b Eddie Major  |c 1992 
300 |c 21 cm 
700 1 |a Jarmarová, Květa  |4 aut  |9 281049 
852 |a Slovenská národná knižnica 
919 |a 80-901255-1-4 
954 |a sexualita  |a joga 
999 |c 966536  |d 968466 
952 |t P60, <04>, [BOOK], {604}  |a SNK  |b SNK  |y NEVYP  |7 0  |p 17A0106985  |o snkIC 122401/1 D1  |0 0  |1 1  |4 0  |d 1997-11-05  |l 0  |r 2005-01-01 00:00:00  |w 2026-02-24 
952 |t P60, <04>, [BOOK], {604}  |a SNK  |b SNK  |y VYP  |7 0  |p 17A0195775  |o snkIC 122401/1  |0 0  |1 0  |4 0  |d 1999-05-24  |l 0  |r 2005-01-01 00:00:00  |w 2026-02-24